000 00521nam a2200181 a 4500
001 000011342
005 20200929162425.0
008 091016s1976 dr 001 0 spa d
040 _aDO-SdBNP
_bspa
_cBNPHU
082 _axxxx
_bR696
100 _aRodríguez Fior, Manuel
_926945
245 1 3 _aLa mártir del Maguana /
_cManuel Rodríguez Fior.
250 _a2a. ed.
260 _aSanto Domingo :
_bÁngel, de Ángel de la Rosa Méndez,
_c1976.
300 _a22, [26] p.
500 _aLibro de poesías
049 _aBNPD
999 _c11049
_d11049